| 000 | 02116nam0a2200373 4500 | ||
|---|---|---|---|
| 001 | RU\NLR\BIBL_A\022009570 | ||
| 005 | 20240911110828.0 | ||
| 010 |
_a978-5-00187-275-7 _9500 |
||
| 021 |
_aRU _bКН-П-23-045200 _9КН-П-23-4524 |
||
| 021 |
_aRU _bКН-П-23-045200 _9КН-П-23-5676 |
||
| 035 | _a(NLR Aleph) 022009570 | ||
| 035 | _a(RuMoRGB)011940022 | ||
| 090 |
_a12479653 _c12479653 |
||
| 100 | _a20230822d2023 u y0rusy50 ca | ||
| 101 | 0 | _arus | |
| 102 | _aRU | ||
| 105 | _aa z 000gy | ||
| 181 | 0 |
_ab3 _bxb2e |
|
| 181 | 0 |
_ai2 _baxxe |
|
| 182 | 0 | _an | |
| 200 | 1 |
_aОдуванчики _eстихотворения для детей _fГалина Мак _g[художник: Алиса Дьяченко] |
|
| 203 |
_aИзображение _aТекст _bвизуальные _cнепосредственные |
||
| 210 |
_aНовокузнецк _cСоюз писателей _d2023 |
||
| 215 |
_a15 с. _cцв. ил. _d21 |
||
| 330 | _a"Одуванчики" - сборник стихотворений для детей дошкольного и младшего школьного возраста. Вместе c героями книги дети будут дружить, путешествовать, фантазировать, приучаться к порядку, узнавать что-то новое. Добрые и волшебные истории не оставят равнодушными девочек и мальчиков. Запомнить сюжеты стихотворений помогут красочные иллюстрации художника Алисы Дьяченко. Книга рекомендуется для домашнего чтения | ||
| 333 | _a0+ | ||
| 686 | 0 | _aШ9(2)60=Р7-5 | |
| 700 | 1 |
_aМак _bГ. _cпсевдоним _gГалина _3RU\NLR\AUTH\770252373 |
|
| 702 | 1 |
_aДьяченко _bА. А. _f1994- _gАлиса Александровна _3RU\NLR\AUTH\770141031 _4040 |
|
| 942 | _cBOOK | ||
| 980 | _aNB | ||